Thulli vilayadu [

Parental guidance is advisable for children below 13 years old (PG13)

Bibliographic Details
Main Author: Vincent Selva
Format: Book
Published: India : s.n. , 20-
Subjects:

MARC

LEADER 00000cam a2200000 7i4500
001 0000179556
005 20131017.0
090 0 0 |a F   |b THU 
100 0 |a Vincent Selva 
245 1 0 |a Thulli vilayadu [  |h digital video disc]   |c Vencent Selva 
260 |a India :   |b s.n. ,   |c 20- 
300 |a 1 digital video disc (129 minutes) :   |b col 
500 |a Library has 2 copies 
520 0 |a Parental guidance is advisable for children below 13 years old (PG13) 
650 0 0 |a Movies, Tamil 
999 |a AV 33017   |b DIGITAL VIDEO DISC   |c PINJAMAN   |e PERPUSTAKAAN KOMUNITI PETALING JAYA 
999 |a AV 33018   |b DIGITAL VIDEO DISC   |c PINJAMAN   |e PERPUSTAKAAN KOMUNITI PETALING JAYA